Statistics for Portuguese Weather Vocabulary

Click here to take the quiz!

General Stats

  • This quiz has been taken 101 times
  • The average score is 17 of 34

Answer Stats

HintAnswer% Correct
snowneve
92%
rainchuva
91%
coldfrio(a)
91%
cold (noun)frio
89%
heatcalor
78%
to rainchover
71%
warm/hotquente
69%
to snownevar
68%
cloudnuvem
68%
climateclima
65%
weathertempo
63%
rainbowarco-íris
57%
It's coldEstá frio
57%
It's snowingEstá nevando
57%
It's warm/hotEstá quente
57%
tornadotornado
57%
tsunamitsunami
57%
It's rainingEstá chovendo
54%
cloudynublado(a)
54%
stormtempestade
54%
rainychuvoso(a)
46%
It's cloudyEstá nublado
42%
natural disasterdesastre natural
40%
snowynevoso(a)
38%
hurricanefuracão
37%
sunnyensolarado(a)
32%
hailgranizo
31%
forecastprevisão
29%
It's sunnyFaz sol
22%
sunshineluz do sol
20%
weathermanmeteorologista
18%
blizzardnevasca
15%
to be sunnyfazer sol
14%
to hailchover granizo
3%

Score Distribution

Percentile by Number Answered

Percent of People with Each Score

Your Score History

You have not taken this quiz